000
00320nam a22001457a 4500
008
210311b ||||| |||| 00| 0 eng d
020
_a
9780130338402
041
_a
eng
080
_2
9th
_a
510
082
_2
9th
_a
510
100
_a
36
101
_a
MAT
245
_a
Finite Mathematics
_c
Barnett,A.R
942
_2
udc
_c
BK
999
_c
56295
_d
56295